000 00762nam a2200241Ia 4500
003 GCL
005 20240530102405.0
008 140319s9999 xx 000 0 ara d
020 _a9771032305
040 _aGCL /
_cGCL
082 0 4 _a414
_bم ب
100 1 _aمصطفى الصاوى الجوينى
245 1 0 _aالبلاغة العربية :
_bتاصيل وتجديد /
_cمصطفى الصاوى الجوينى
260 _a[S.N] :
_bمنشاة المعارف الاسلامية ،
_c1985
300 _a227 ص ؛
_c24 سم
650 0 4 _aالشعر العربى
650 0 4 _aاللغة العربية
650 0 4 _aالبلاغة العربية
650 0 4 _aالبديع
650 0 4 _aالمعانى
650 0 4 _aالبيان
942 _2ddc
_cBK
999 _c31905
_d31905